Statistical techniques in business & economics / (Record no. 561)

000 -LEADER
fixed length control field 00683nam a22002297a 4500
001 - CONTROL NUMBER
control field 561
003 - CONTROL NUMBER IDENTIFIER
control field BD-DhUET
008 - FIXED-LENGTH DATA ELEMENTS--GENERAL INFORMATION
fixed length control field 140803b xxu||||| |||| 00| 0 eng d
020 ## - INTERNATIONAL STANDARD BOOK NUMBER
International Standard Book Number 9780070667075
040 ## - CATALOGING SOURCE
Transcribing agency 0
Modifying agency BD-DhUET
082 ## - DEWEY DECIMAL CLASSIFICATION NUMBER
Classification number 519.23
Item number LIN/2008
100 ## - MAIN ENTRY--PERSONAL NAME
Personal name Lind, Douglas A.
245 ## - TITLE STATEMENT
Title Statistical techniques in business & economics /
Statement of responsibility, etc. by Douglas A. Lind, William G. Marchal, Samuel A. Wathen
250 ## - EDITION STATEMENT
Edition statement 13th ed.
260 ## - PUBLICATION, DISTRIBUTION, ETC. (IMPRINT)
Place of publication, distribution, etc. New Delhi:
Name of publisher, distributor, etc. Tata McGraw-Hill,
Date of publication, distribution, etc. 2008.
300 ## - PHYSICAL DESCRIPTION
Extent xix,860p.
504 ## - BIBLIOGRAPHY, ETC. NOTE
Bibliography, etc With one CD-ROM (Acc.no.112988)
650 #0 - SUBJECT ADDED ENTRY--TOPICAL TERM
Topical term or geographic name as entry element Probabilities and random processes
700 ## - ADDED ENTRY--PERSONAL NAME
Personal name Marchal, William G.
700 ## - ADDED ENTRY--PERSONAL NAME
Personal name Wathen, Samuel A.
942 ## - ADDED ENTRY ELEMENTS (KOHA)
Koha item type General Book
Holdings
Price effective from Source of classification or shelving scheme Copy number Koha item type Location (home branch) Koha issues (times borrowed) Shelving location Koha date last borrowed Koha date last seen Piece designation (barcode) Koha out on loan Date acquired Withdrawn status Not for loan Damaged status Lost status Koha normalized classification for sorting Sublocation or collection (holding branch) Koha full call number
2014-08-03 1General BookCentral Library, BUET6Circulation section2023-09-102023-09-101120962023-09-242014-08-03    519_000000000000000_23LIN2008Central Library, BUET519.23/LIN/2008
2014-08-03 2General BookCentral Library, BUET8Circulation section2023-06-072023-10-30112097 2014-08-03    519_000000000000000_23LIN2008Central Library, BUET519.23/LIN/2008
2014-09-29 3General BookCentral Library, BUET6Circulation section2023-05-282023-05-281129882024-05-272014-09-29    519_000000000000000_23LIN2008Central Library, BUET519.23/LIN/2008